000 00252nam a2200097Ia 4500
001 641672
005 20250826153512.0
008 250824s9999 xx 000 0 und d
245 0 _aDON KİŞOT GENÇLİK KLASİKLERİ
_cCERVANTES
260 _bTİMAŞ ÇOCUK
999 _c641672
_d641672